[Event "Politiken Cup 2008"]
[Site "Helsingør DEN"]
[Date "2008.07.22"]
[Round "6.95"]
[White "Jensen, Mads"]
[Black "Christiansen, Erling"]
[Result "0-1"]
[WhiteElo "1833"]
[BlackElo "2008"]
[PlyCount "68"]
[EventDate "2008.07.20"]
[EventType "swiss"]
[EventRounds "9"]
[EventCountry "DEN"]
[Source "lmi"]
[SourceDate "2008.07.20"]
[WhiteTeam "Tjele"]
[BlackTeam "Valby"]

1. d4 d5 2. Nc3 f5 3. Bf4 c6 4. Nf3 e6 5. e3 Nf6 6. Bd3 Bd6 7. Ne2 O-O 8. Ne5
Qc7 9. O-O Nbd7 10. Nxd7 Nxd7 11. c4 Bxf4 12. Nxf4 Nf6 13. Qc2 Qe7 14. b4 a6
15. Qb3 Kh8 16. Rfc1 Qf7 17. b5 dxc4 18. Bxc4 axb5 19. Bxe6 Bxe6 20. Nxe6 Rfe8
21. Nc5 Qe7 22. a4 b6 23. Nd3 Rxa4 24. Rxa4 bxa4 25. Qxb6 Qa3 26. Qb1 Rc8 27.
Ne5 g6 28. Rxc6 Rxc6 29. Nxc6 Qb3 30. Qc1 a3 31. Ne5 a2 32. Qc8+ Kg7 33. Qc7+
Kh6 34. Nf7+ Qxf7 0-1

[Event "Politiken Cup 2008"]
[Site "Helsingør DEN"]
[Date "2008.07.22"]
[Round "6.96"]
[White "Svanholm, Borge Waaktaar"]
[Black "Ryberg, Denis"]
[Result "1-0"]
[WhiteElo "2003"]
[BlackElo "1814"]
[PlyCount "93"]
[EventDate "2008.07.20"]
[EventType "swiss"]
[EventRounds "9"]
[EventCountry "DEN"]
[Source "lmi"]
[SourceDate "2008.07.20"]
[WhiteTeam "SK Stjernen"]
[BlackTeam "Taastrup"]

1. c4 g6 2. d4 Nf6 3. Nf3 Bg7 4. Nc3 d6 5. g3 O-O 6. Bg2 c5 7. e4 Nc6 8. h3
cxd4 9. Nxd4 Nxd4 10. Qxd4 Nd7 11. Qe3 Ne5 12. b3 Bd7 13. O-O Qc8 14. Kh2 b5
15. f4 Nc6 16. cxb5 Nd4 17. Nd5 Re8 18. Rb1 Nc2 19. Qd2 Bxb5 20. Rf2 e6 21. Ne3
Nxe3 22. Qxe3 Qa6 23. e5 Rad8 24. a4 Bd3 25. Rbb2 dxe5 26. fxe5 Qb6 27. Qf4 Qc7
28. Ra2 Bxe5 29. Qe3 Bb1 30. Rad2 Rxd2 31. Bxd2 Rd8 32. Rf1 Rd3 33. Qe2 Bxg3+
34. Kh1 Rxb3 35. Rc1 Qe5 36. Qc4 Qb8 37. Bh6 Bd6 38. Qxb3 Qe8 39. Rxb1 f5 40.
Re1 Kf7 41. Rxe6 Qxe6 42. Bd5 Qxd5+ 43. Qxd5+ Ke7 44. Bg5+ Kd7 45. Bf4 a5 46.
Qxd6+ Ke8 47. Bg5 1-0

[Event "Politiken Cup 2008"]
[Site "Helsingør DEN"]
[Date "2008.07.22"]
[Round "6.97"]
[White "Hollesen, Kurt"]
[Black "Kelder, Sjoerd"]
[Result "1/2-1/2"]
[WhiteElo "1996"]
[BlackElo "1798"]
[PlyCount "81"]
[EventDate "2008.07.20"]
[EventType "swiss"]
[EventRounds "9"]
[EventCountry "DEN"]
[Source "lmi"]
[SourceDate "2008.07.20"]
[WhiteTeam "K41"]
[BlackTeam "HSV de Eenhoorn"]

1. c4 Nf6 2. Nc3 e6 3. e4 c5 4. e5 Ng8 5. d4 cxd4 6. Qxd4 Nc6 7. Qe4 d6 8. Nf3
Nxe5 9. Nxe5 dxe5 10. Qxe5 Qd6 11. Qe4 Nf6 12. Qf3 Qe5+ 13. Be2 Bb4 14. Bd2 O-O
15. O-O Bd6 16. g3 Qc5 17. Nb5 Bb8 18. Qb3 Qf5 19. Bb4 Re8 20. Qf3 Qxf3 21.
Bxf3 a6 22. Nd6 Bxd6 23. Bxd6 e5 24. Rfe1 e4 25. Bg2 Bd7 26. Bf4 h6 27. Rad1
Bc6 28. Bc7 Ng4 29. Rd4 f5 30. Bh3 Ne5 31. Bxe5 Rxe5 32. Bg2 Rae8 33. Rd6 a5
34. b3 Kf8 35. h3 R5e6 36. Rd4 Re5 37. h4 g5 38. hxg5 hxg5 39. Rd6 R5e6 40. Rd4
Kf7 41. a3 1/2-1/2

[Event "Politiken Cup 2008"]
[Site "Helsingør DEN"]
[Date "2008.07.22"]
[Round "6.98"]
[White "Asmund, Erik"]
[Black "Rasmussen, Morten"]
[Result "1/2-1/2"]
[WhiteElo "1779"]
[BlackElo "1996"]
[PlyCount "41"]
[EventDate "2008.07.20"]
[EventType "swiss"]
[EventRounds "9"]
[EventCountry "DEN"]
[Source "lmi"]
[SourceDate "2008.07.20"]
[WhiteTeam "Gråsten"]
[BlackTeam "Skanderborg"]

1. e4 c6 2. d4 d5 3. e5 Bf5 4. Bd3 Bxd3 5. Qxd3 e6 6. Be3 Qb6 7. b3 Nd7 8. Nf3
Rc8 9. O-O c5 10. Nbd2 cxd4 11. Bxd4 Bc5 12. c3 Ne7 13. Rac1 O-O 14. Bxc5 Rxc5
15. b4 Rc7 16. a4 Ng6 17. Qd4 Rfc8 18. Nb3 Ngxe5 19. Nxe5 Nxe5 20. Qxe5 f6 21.
Qd4 1/2-1/2

[Event "Politiken Cup 2008"]
[Site "Helsingør DEN"]
[Date "2008.07.22"]
[Round "6.99"]
[White "Jacobsen, Súni"]
[Black "Christensen, Casper"]
[Result "1-0"]
[WhiteElo "1981"]
[BlackElo "1795"]
[PlyCount "49"]
[EventDate "2008.07.20"]
[EventType "swiss"]
[EventRounds "9"]
[EventCountry "DEN"]
[Source "lmi"]
[SourceDate "2008.07.20"]
[WhiteTeam "Havnar Telvingarfelag"]
[BlackTeam "Skovbo"]

1. d4 d5 2. Nf3 Bf5 3. g3 Nf6 4. Bg2 e6 5. O-O Nbd7 6. Nbd2 c5 7. c4 Rc8 8.
cxd5 Nxd5 9. e4 Bxe4 10. Nxe4 Be7 11. Bg5 O-O 12. Bxe7 Qxe7 13. Qa4 a6 14. Rac1
cxd4 15. Nxd4 Nc5 16. Nxc5 Rxc5 17. Rxc5 Qxc5 18. Nb3 Qd6 19. Rc1 f5 20. Qc4 f4
21. Nd4 fxg3 22. hxg3 Rd8 23. Re1 e5 24. Nf5 Qe6 25. Bxd5 1-0

[Event "Politiken Cup 2008"]
[Site "Helsingør DEN"]
[Date "2008.07.22"]
[Round "6.100"]
[White "Nielsen, Jimmy Oste"]
[Black "Fischer, Thomas"]
[Result "1/2-1/2"]
[WhiteElo "1705"]
[BlackElo "1976"]
[PlyCount "40"]
[EventDate "2008.07.20"]
[EventType "swiss"]
[EventRounds "9"]
[EventCountry "DEN"]
[Source "lmi"]
[SourceDate "2008.07.20"]
[WhiteTeam "K41"]
[BlackTeam "SC Grunbach"]

1. d4 Nf6 2. c4 e5 3. d5 Bc5 4. e3 d6 5. Nc3 a6 6. Bd3 O-O 7. Nge2 Nbd7 8. O-O
Re8 9. Ng3 Nf8 10. Qe2 Ng6 11. Qc2 Bd7 12. Nge4 Ba7 13. Nxf6+ Qxf6 14. Kh1 h6
15. f4 exf4 16. exf4 Nh4 17. Bd2 Nf5 18. Ne4 Qh4 19. Be1 Qh5 20. Ng3 Nxg3+
1/2-1/2

[Event "Politiken Cup 2008"]
[Site "Helsingør DEN"]
[Date "2008.07.22"]
[Round "6.101"]
[White "Berkemer, Rainer"]
[Black "Haubro, Martin"]
[Result "1/2-1/2"]
[WhiteElo "1975"]
[BlackElo "1747"]
[PlyCount "52"]
[EventDate "2008.07.20"]
[EventType "swiss"]
[EventRounds "9"]
[EventCountry "DEN"]
[Source "lmi"]
[SourceDate "2008.07.20"]
[WhiteTeam "SF Neckartenzlingen"]
[BlackTeam "BMS"]

1. d4 d5 2. Nf3 e6 3. g3 f5 4. Bg2 c6 5. Bf4 Nf6 6. Nbd2 Be7 7. c3 O-O 8. Qc2
Nbd7 9. Ne5 c5 10. Ndf3 Ne4 11. dxc5 Bxc5 12. Nd3 Bb6 13. Be5 Nxe5 14. Nfxe5
Qf6 15. f3 Nf2 16. Nxf2 Bxf2+ 17. Kxf2 Qxe5 18. f4 Qc7 19. Rad1 Bd7 20. h4 Qc5+
21. e3 Bc6 22. Qd3 Bb5 23. Qd4 Rac8 24. Rd2 Bc4 25. a3 h5 26. Bf3 g6 1/2-1/2

[Event "Politiken Cup 2008"]
[Site "Helsingør DEN"]
[Date "2008.07.22"]
[Round "6.102"]
[White "Andersen, Daniel"]
[Black "Kobberberg, Steen"]
[Result "1-0"]
[WhiteElo "1969"]
[BlackElo "1710"]
[PlyCount "63"]
[EventDate "2008.07.20"]
[EventType "swiss"]
[EventRounds "9"]
[EventCountry "DEN"]
[Source "lmi"]
[SourceDate "2008.07.20"]
[WhiteTeam "Frederikssund"]
[BlackTeam "Frederiksværk"]

1. c4 Nf6 2. Nc3 d5 3. cxd5 Nxd5 4. g3 c6 5. Bg2 Nxc3 6. bxc3 e6 7. d4 Bd6 8.
e4 O-O 9. Ne2 e5 10. O-O Nd7 11. d5 Nb6 12. a4 Qc7 13. a5 Nd7 14. c4 Nc5 15. h3
Bd7 16. Be3 b6 17. f4 f6 18. Nc1 bxa5 19. Nd3 cxd5 20. Nxc5 Bxc5 21. Qxd5+ Kh8
22. Qxc5 Qb7 23. Rab1 Qa6 24. Rbd1 Be6 25. fxe5 Bxc4 26. Rf2 Rfc8 27. Qd6 Rd8
28. Qxd8+ Rxd8 29. Rxd8+ Bg8 30. exf6 gxf6 31. Bd4 h6 32. Rxf6 1-0

[Event "Politiken Cup 2008"]
[Site "Helsingør DEN"]
[Date "2008.07.22"]
[Round "6.103"]
[White "Johansen, Anders Sten"]
[Black "Tandrup, Michael"]
[Result "1/2-1/2"]
[WhiteElo "1615"]
[BlackElo "1969"]
[PlyCount "50"]
[EventDate "2008.07.20"]
[EventType "swiss"]
[EventRounds "9"]
[EventCountry "DEN"]
[Source "lmi"]
[SourceDate "2008.07.20"]
[WhiteTeam "Follo"]
[BlackTeam "BMS"]

1. e4 e6 2. d3 d5 3. Nd2 Nf6 4. Ngf3 Be7 5. g3 b6 6. Bg2 Bb7 7. e5 Nfd7 8. O-O
O-O 9. Re1 c5 10. Nf1 d4 11. h4 Na6 12. N1h2 Nc7 13. Qe2 a6 14. Bd2 Bd5 15. Ng4
h5 16. Ngh2 b5 17. Ng5 g6 18. g4 hxg4 19. Qxg4 Bxg2 20. Kxg2 Kg7 21. h5 Rh8 22.
hxg6 f5 23. exf6+ Nxf6 24. Nxe6+ Nxe6 25. Qxe6 Qd5+ 1/2-1/2

[Event "Politiken Cup 2008"]
[Site "Helsingør DEN"]
[Date "2008.07.22"]
[Round "6.104"]
[White "Ochsner, Bjorn Moller"]
[Black "Pallesen, Jorn"]
[Result "1/2-1/2"]
[WhiteElo "1963"]
[BlackElo "1696"]
[PlyCount "66"]
[EventDate "2008.07.20"]
[EventType "swiss"]
[EventRounds "9"]
[EventCountry "DEN"]
[Source "lmi"]
[SourceDate "2008.07.20"]
[WhiteTeam "Århus/skolerne"]
[BlackTeam "Frem"]

1. e4 c5 2. Nf3 g6 3. d4 cxd4 4. Nxd4 Bg7 5. c4 Nf6 6. Nc3 Nc6 7. Nc2 O-O 8.
Be2 d6 9. O-O Bd7 10. Bd2 Rc8 11. f4 Na5 12. Ne3 Nc6 13. Kh1 Nd4 14. Bd3 Bc6
15. Rc1 Nd7 16. b4 Nf6 17. b5 Bd7 18. Qe1 Ne6 19. Qh4 Nc5 20. Bc2 e6 21. Rfd1
Ne8 22. Qg3 Nf6 23. Be1 Nh5 24. Qf3 Qe7 25. f5 Bf6 26. Ne2 Bg5 27. g4 Ng7 28.
Bg3 Ne8 29. Nf4 b6 30. Qf2 a6 31. a4 axb5 32. cxb5 Ra8 33. Ra1 Bf6 1/2-1/2

[Event "Politiken Cup 2008"]
[Site "Helsingør DEN"]
[Date "2008.07.22"]
[Round "6.105"]
[White "Botheim, Tor"]
[Black "Hansen, Frank"]
[Result "1-0"]
[WhiteElo "1964"]
[BlackElo "1400"]
[PlyCount "51"]
[EventDate "2008.07.20"]
[EventType "swiss"]
[EventRounds "9"]
[EventCountry "DEN"]
[Source "lmi"]
[SourceDate "2008.07.20"]
[WhiteTeam "1911"]
[BlackTeam "Hvidovre"]

1. e4 d6 2. d4 Nf6 3. Bd3 g6 4. Nf3 Bg7 5. O-O O-O 6. c3 b6 7. Re1 e6 8. Bg5
Qe8 9. e5 Nfd7 10. exd6 cxd6 11. Be4 d5 12. Bxd5 exd5 13. Rxe8 Rxe8 14. Qb3 Bb7
15. Nbd2 Nf8 16. a4 Nbd7 17. a5 Re6 18. Re1 Rae8 19. Rxe6 Nxe6 20. Be3 Nc7 21.
h3 b5 22. Nh2 a6 23. Ng4 h5 24. Nh6+ Kh7 25. Nxf7 Kg8 26. Nd6 1-0

[Event "Politiken Cup 2008"]
[Site "Helsingør DEN"]
[Date "2008.07.22"]
[Round "6.106"]
[White "Ronningen, Anders"]
[Black "Mottang, Harald"]
[Result "1-0"]
[WhiteElo "1960"]
[BlackElo "1323"]
[PlyCount "47"]
[EventDate "2008.07.20"]
[EventType "swiss"]
[EventRounds "9"]
[EventCountry "DEN"]
[Source "lmi"]
[SourceDate "2008.07.20"]
[WhiteTeam "Kongsvinger"]

1. e4 c5 2. c3 e5 3. Nf3 d6 4. d4 cxd4 5. cxd4 exd4 6. Nxd4 Nf6 7. Nc3 Be7 8.
Bc4 O-O 9. O-O Nc6 10. a3 Bg4 11. f3 Bh5 12. Nf5 a6 13. Kh1 Rc8 14. Ba2 Bg6 15.
Ne3 b5 16. Ned5 Ne5 17. Nxf6+ Bxf6 18. f4 Rxc3 19. bxc3 Bxe4 20. fxe5 Bxe5 21.
Bf4 Bxc3 22. Bxd6 Qg5 23. Qe2 Bxa1 24. Bxf8 1-0

[Event "Politiken Cup 2008"]
[Site "Helsingør DEN"]
[Date "2008.07.22"]
[Round "6.107"]
[White "Berth, Mikkel Knoth"]
[Black "Werner, Gert"]
[Result "0-1"]
[WhiteElo "1566"]
[BlackElo "1952"]
[PlyCount "37"]
[EventDate "2008.07.20"]
[EventType "swiss"]
[EventRounds "9"]
[EventCountry "DEN"]
[Source "lmi"]
[SourceDate "2008.07.20"]
[WhiteTeam "Brønshøj"]
[BlackTeam "KS"]

1. e4 g6 2. d4 Bg7 3. Nc3 c6 4. Be3 d5 5. e5 Nh6 6. f3 f6 7. f4 O-O 8. h3 Nf5
9. Bf2 fxe5 10. fxe5 c5 11. Nf3 cxd4 12. Bxd4 Nc6 13. Bc5 d4 14. Bc4+ Kh8 15.
Nd5 Be6 16. Nc7 Bxc4 17. Nxa8 Qxa8 18. Kf2 Bd5 19. Rf1 0-1

[Event "Politiken Cup 2008"]
[Site "Helsingør DEN"]
[Date "2008.07.22"]
[Round "6.108"]
[White "Nielsen, Hogni Eigilstoft"]
[Black "Benediktsson, Frimann"]
[Result "0-1"]
[WhiteElo "1507"]
[BlackElo "1915"]
[PlyCount "30"]
[EventDate "2008.07.20"]
[EventType "swiss"]
[EventRounds "9"]
[EventCountry "DEN"]
[Source "lmi"]
[SourceDate "2008.07.20"]
[WhiteTeam "Sandavags Talvfelag"]
[BlackTeam "Taflfelag Rejkjavikur"]

1. e4 c6 2. d4 d5 3. f3 e6 4. Nc3 Bb4 5. Nge2 dxe4 6. fxe4 Qh4+ 7. Ng3 Nf6 8.
Bd3 e5 9. Bc4 O-O 10. dxe5 Nxe4 11. O-O Bc5+ 12. Rf2 Nxf2 13. Qe2 Ng4+ 14. Kf1
Nxh2+ 15. Ke1 Qxg3+ 0-1

[Event "Politiken Cup 2008"]
[Site "Helsingør DEN"]
[Date "2008.07.22"]
[Round "6.109"]
[White "Barene, Simon"]
[Black "Nielsen, Lasse Simoni"]
[Result "1/2-1/2"]
[WhiteElo "1194"]
[BlackElo "1888"]
[PlyCount "84"]
[EventDate "2008.07.20"]
[EventType "swiss"]
[EventRounds "9"]
[EventCountry "DEN"]
[Source "lmi"]
[SourceDate "2008.07.20"]
[WhiteTeam "Sandness"]
[BlackTeam "Jetsmark"]

1. e4 e6 2. d4 d5 3. exd5 exd5 4. c4 Nf6 5. Nc3 c6 6. Nf3 Bg4 7. h3 Bh5 8. Bg5
Be7 9. cxd5 Nxd5 10. Nxd5 Qxd5 11. Bxe7 Qe4+ 12. Qe2 Qxe7 13. Qxe7+ Kxe7 14. g4
Bg6 15. Ne5 Be4 16. f3 Bd5 17. Bc4 f6 18. Bxd5 cxd5 19. Nd3 Nc6 20. Nf4 Nxd4
21. Nxd5+ Kd6 22. Ne3 Rhe8 23. Kf2 Rxe3 24. Kxe3 Nc2+ 25. Kd3 Nxa1 26. Rxa1 Rc8
27. Re1 Rc5 28. Re8 Rd5+ 29. Ke3 Re5+ 30. Rxe5 Kxe5 31. f4+ Kd5 32. h4 g6 33.
b3 b6 34. a3 a6 35. a4 h5 36. f5 hxg4 37. fxg6 Ke6 38. Ke4 f5+ 39. Kf4 Kf6 40.
h5 a5 41. Kg3 Kg7 42. Kf4 Kf6 1/2-1/2

[Event "Politiken Cup 2008"]
[Site "Helsingør DEN"]
[Date "2008.07.22"]
[Round "6.110"]
[White "Nordin, Eric"]
[Black "Lyngsjo, Gert"]
[Result "1-0"]
[WhiteElo "1991"]
[BlackElo "1811"]
[PlyCount "107"]
[EventDate "2008.07.20"]
[EventType "swiss"]
[EventRounds "9"]
[EventCountry "DEN"]
[Source "lmi"]
[SourceDate "2008.07.20"]
[WhiteTeam "Åstorp"]
[BlackTeam "SK Bara Bønder"]

1. e4 d6 2. d4 Nf6 3. Nc3 g6 4. f4 Bg7 5. Nf3 c5 6. e5 Nfd7 7. exd6 O-O 8. Be3
exd6 9. Qd2 Qa5 10. Nb5 Qb6 11. a4 Nf6 12. dxc5 dxc5 13. a5 Qd8 14. Qxd8 Rxd8
15. Nc7 Nd5 16. O-O-O Bd4 17. Nxd5 Rxd5 18. Nxd4 cxd4 19. Rxd4 Rxd4 20. Bxd4
Nc6 21. Bc3 Bf5 22. a6 bxa6 23. Bxa6 Rb8 24. Rd1 Nb4 25. Bxb4 Rxb4 26. g3 Rb6
27. Bc4 Rc6 28. b3 Rc7 29. Bd3 Be6 30. c4 Kg7 31. Kc2 Kf6 32. Kc3 Ke7 33. Be4
Bg4 34. Rd2 Be6 35. Bd5 Bf5 36. b4 Bd7 37. Kd4 Kf6 38. Ra2 Bc8 39. b5 h5 40. c5
Ke7 41. Re2+ Kd8 42. Bc6 Be6 43. Re3 Ke7 44. Bd5 Rd7 45. Re5 Kd8 46. c6 Rd6 47.
Kc5 Kc7 48. Bxe6 fxe6 49. Re4 Rd5+ 50. Kc4 Kd6 51. Rd4 a5 52. bxa6 Kxc6 53.
Rxd5 exd5+ 54. Kd4 1-0

[Event "Politiken Cup 2008"]
[Site "Helsingør DEN"]
[Date "2008.07.22"]
[Round "6.111"]
[White "Jogvansson, Hjalti Toftum"]
[Black "Jorgensen, Arne Bjorn"]
[Result "1-0"]
[WhiteElo "1750"]
[BlackElo "1984"]
[PlyCount "141"]
[EventDate "2008.07.20"]
[EventType "swiss"]
[EventRounds "9"]
[EventCountry "DEN"]
[Source "lmi"]
[SourceDate "2008.07.20"]
[WhiteTeam "Havnar Telvingarfelag"]
[BlackTeam "Rudersdal"]

1. d4 Nf6 2. Nf3 d5 3. Bf4 e6 4. e3 c5 5. c3 Nc6 6. Bd3 Bd6 7. Ne5 Qc7 8. Nxc6
bxc6 9. Bg3 c4 10. Bc2 e5 11. O-O e4 12. b3 cxb3 13. axb3 O-O 14. c4 Bg4 15.
Qd2 Rfb8 16. Rc1 Bxg3 17. hxg3 Qe7 18. Qa5 h6 19. Nc3 Be6 20. cxd5 cxd5 21. Nb5
Rb7 22. Bd1 Ne8 23. Rc5 Nd6 24. Nc7 Rc8 25. Nxd5 Bxd5 26. Rxc8+ Nxc8 27. Qxd5
Nb6 28. Qc5 Qd7 29. Qe5 Qe7 30. Qxe7 Rxe7 31. Ra5 g6 32. Kf1 h5 33. Ke2 f5 34.
f3 Kg7 35. Kf2 exf3 36. Bxf3 Kf6 37. Rc5 Rd7 38. Rc6+ Kg5 39. Re6 Rc7 40. Bc6
Nd7 41. b4 Nf6 42. b5 Rc8 43. Ke2 Ne4 44. Bxe4 fxe4 45. Rxe4 Rc2+ 46. Kf3 Kf6
47. Re5 g5 48. Rc5 g4+ 49. Kf4 Rf2+ 50. Ke4 Rxg2 51. Rxh5 Rxg3 52. Rh7 Rg1 53.
Rxa7 g3 54. b6 Rb1 55. Kf3 g2 56. Kxg2 Rxb6 57. Kf3 Ke6 58. Ke4 Kd6 59. Rh7 Rb1
60. Rh6+ Ke7 61. Ke5 Rg1 62. Rh5 Ra1 63. d5 Rd1 64. e4 Ra1 65. Rh7+ Ke8 66. Ke6
Ra6+ 67. d6 Kf8 68. e5 Rb6 69. Rh8+ Kg7 70. Re8 Ra6 71. Ke7 1-0

[Event "Politiken Cup 2008"]
[Site "Helsingør DEN"]
[Date "2008.07.22"]
[Round "6.112"]
[White "Mæchel, Michael"]
[Black "Glibstrup, Jakob"]
[Result "0-1"]
[WhiteElo "1743"]
[BlackElo "1971"]
[PlyCount "106"]
[EventDate "2008.07.20"]
[EventType "swiss"]
[EventRounds "9"]
[EventCountry "DEN"]
[Source "lmi"]
[SourceDate "2008.07.20"]
[WhiteTeam "Ålsgårde"]
[BlackTeam "Skive"]

1. e4 e5 2. Nf3 Nc6 3. Bb5 a6 4. Ba4 Nf6 5. O-O Be7 6. Re1 b5 7. Bb3 d6 8. c3
O-O 9. d3 Bg4 10. Bg5 h6 11. Bxf6 Bxf6 12. Bd5 Bd7 13. d4 Rb8 14. dxe5 dxe5 15.
Nbd2 Ne7 16. Nf1 Nxd5 17. Qxd5 Be6 18. Qxd8 Rfxd8 19. b3 Rd3 20. Rac1 Rbd8 21.
h3 Bxh3 22. Ne3 Be6 23. Kf1 g5 24. g4 Kg7 25. Ke2 R3d7 26. Red1 Rxd1 27. Rxd1
Rxd1 28. Kxd1 h5 29. gxh5 Kh6 30. Nd5 Bxd5 31. exd5 Kxh5 32. Nd2 Kg4 33. c4 Kf4
34. c5 e4 35. a4 Ke5 36. d6 cxd6 37. cxd6 Bd8 38. axb5 axb5 39. Ke2 f5 40. d7
Kd6 41. f3 exf3+ 42. Kxf3 Kxd7 43. Nf1 Ke6 44. Ne3 Ke5 45. Nc2 Be7 46. Ne3 g4+
47. Kg2 Ke4 48. Nf1 f4 49. Nh2 f3+ 50. Kf2 g3+ 51. Kxg3 Bd6+ 52. Kh3 Bxh2 53.
Kxh2 Ke3 0-1

[Event "Politiken Cup 2008"]
[Site "Helsingør DEN"]
[Date "2008.07.22"]
[Round "6.113"]
[White "Linnemann, Lars"]
[Black "Nielsen, Jens Holm"]
[Result "1-0"]
[WhiteElo "1626"]
[BlackElo "1943"]
[PlyCount "81"]
[EventDate "2008.07.20"]
[EventType "swiss"]
[EventRounds "9"]
[EventCountry "DEN"]
[Source "lmi"]
[SourceDate "2008.07.20"]
[WhiteTeam "Øbro"]
[BlackTeam "Amager"]

1. d4 Nf6 2. Nc3 g6 3. Bg5 Bg7 4. Nf3 d6 5. e4 Bg4 6. Be2 Bxf3 7. Bxf3 c6 8. h4
Qb6 9. Rb1 Nbd7 10. Be3 Qc7 11. h5 O-O 12. Qd2 Rfd8 13. g4 e5 14. d5 Rac8 15.
g5 Ne8 16. Bg4 a6 17. f3 c5 18. Rh3 b5 19. hxg6 hxg6 20. Qh2 Rb8 21. Kf2 Kf8
22. f4 exf4 23. Bxf4 Ne5 24. Be2 Ke7 25. Rh7 Qd7 26. Rg1 b4 27. Nd1 Qa4 28.
Rxg7 Nxg7 29. Bxe5 dxe5 30. Qxe5+ Ne6 31. dxe6 fxe6 32. Ne3 Rf8+ 33. Kg3 Qc6
34. Rh1 Rbe8 35. Rh7+ Kd8 36. Qb8+ Qc8 37. Qxc8+ Kxc8 38. Bxa6+ Kb8 39. Nc4 Rh8
40. Rb7+ Kc8 41. Nb6+ 1-0

[Event "Politiken Cup 2008"]
[Site "Helsingør DEN"]
[Date "2008.07.22"]
[Round "6.114"]
[White "Helin, Mikael"]
[Black "Jessen, Ernst J"]
[Result "1-0"]
[WhiteElo "1933"]
[BlackElo "1810"]
[PlyCount "41"]
[EventDate "2008.07.20"]
[EventType "swiss"]
[EventRounds "9"]
[EventCountry "DEN"]
[Source "lmi"]
[SourceDate "2008.07.20"]
[WhiteTeam "Stockholm SS"]
[BlackTeam "Gråsten"]

1. e4 e5 2. Nc3 d6 3. f4 exf4 4. Nf3 Nc6 5. d4 Bg4 6. Bxf4 Bxf3 7. gxf3 Qd7 8.
h4 f5 9. Bb5 a6 10. Ba4 b5 11. Bb3 Na5 12. Qe2 O-O-O 13. a4 Nxb3 14. cxb3 c6
15. axb5 axb5 16. d5 c5 17. Nxb5 Qb7 18. Ra7 Qb6 19. Rf7 Qa5+ 20. Kf2 Nf6 21.
Na7+ 1-0

[Event "Politiken Cup 2008"]
[Site "Helsingør DEN"]
[Date "2008.07.22"]
[Round "6.115"]
[White "Marshall, Michael"]
[Black "Gill, Wiliam Desmond"]
[Result "1-0"]
[WhiteElo "1917"]
[BlackElo "1800"]
[PlyCount "57"]
[EventDate "2008.07.20"]
[EventType "swiss"]
[EventRounds "9"]
[EventCountry "DEN"]
[Source "lmi"]
[SourceDate "2008.07.20"]
[WhiteTeam "Odysseus"]

1. d4 Nf6 2. Nf3 e6 3. e3 b6 4. Bd3 Bb7 5. O-O d5 6. b3 Be7 7. Bb2 Nbd7 8. Nbd2
O-O 9. Ne5 c5 10. Qf3 Qc7 11. Qh3 h6 12. f4 cxd4 13. exd4 Bb4 14. c3 Be7 15.
Rae1 a5 16. Rf3 Ba6 17. Bb1 b5 18. Rg3 Kh8 19. Ree3 Ng8 20. Qh5 Nxe5 21. fxe5
b4 22. Rg6 Rfc8 23. Reg3 Bf8 24. cxb4 Be2 25. Nf3 Ne7 26. Rxh6+ gxh6 27. Qxf7
Ng6 28. Qxg6 Qf7 29. Qxf7 1-0

[Event "Politiken Cup 2008"]
[Site "Helsingør DEN"]
[Date "2008.07.22"]
[Round "6.116"]
[White "Nilsen, Kai"]
[Black "Larsen, Finn"]
[Result "1/2-1/2"]
[WhiteElo "1914"]
[BlackElo "1776"]
[PlyCount "32"]
[EventDate "2008.07.20"]
[EventType "swiss"]
[EventRounds "9"]
[EventCountry "DEN"]
[Source "lmi"]
[SourceDate "2008.07.20"]
[WhiteTeam "Fredrikstad"]
[BlackTeam "Frederikssund"]

1. e4 e5 2. Nf3 Nc6 3. d4 exd4 4. Nxd4 Bc5 5. Be3 Qf6 6. c3 a6 7. Be2 Qg6 8.
Nd2 Nge7 9. N2f3 d6 10. Nxc6 bxc6 11. Nd4 Bxd4 12. Bxd4 Rb8 13. b4 d5 14. exd5
Nxd5 15. Bf3 O-O 16. Bxd5 cxd5 1/2-1/2

[Event "Politiken Cup 2008"]
[Site "Helsingør DEN"]
[Date "2008.07.22"]
[Round "6.117"]
[White "Næsborg, Jens Olav"]
[Black "Hansen, Henrik Damgaard"]
[Result "1-0"]
[WhiteElo "1668"]
[BlackElo "1893"]
[PlyCount "85"]
[EventDate "2008.07.20"]
[EventType "swiss"]
[EventRounds "9"]
[EventCountry "DEN"]
[Source "lmi"]
[SourceDate "2008.07.20"]
[WhiteTeam "Torshavn"]
[BlackTeam "Hillerød"]

1. e4 d5 2. exd5 Nf6 3. d4 Bg4 4. Be2 Bxe2 5. Qxe2 Qxd5 6. Nf3 e6 7. Nc3 Qa5 8.
Bd2 c6 9. O-O Nbd7 10. Rfe1 Be7 11. a3 O-O 12. Ne4 Qh5 13. Ng3 Qb5 14. Qxb5
cxb5 15. Bb4 Bxb4 16. axb4 Nb6 17. Ne4 Nxe4 18. Rxe4 Rfd8 19. c3 Nc4 20. Re2 a6
21. Ne5 Nxe5 22. Rxe5 Kf8 23. f4 Rd5 24. Rxd5 exd5 25. Re1 Re8 26. Rxe8+ Kxe8
27. Kf2 Kd7 28. Kf3 Ke6 29. Kg4 Kf6 30. g3 b6 31. Kf3 h6 32. h3 g6 33. g4 h5
34. Kg3 hxg4 35. Kxg4 Kg7 36. h4 Kh6 37. f5 a5 38. fxg6 fxg6 39. Kf4 Kh5 40.
Ke5 Kxh4 41. Kxd5 g5 42. Ke6 g4 43. d5 1-0

[Event "Politiken Cup 2008"]
[Site "Helsingør DEN"]
[Date "2008.07.22"]
[Round "6.118"]
[White "Knudsen, Joakim Holm"]
[Black "Rasmussen, Morten"]
[Result "1-0"]
[WhiteElo "1606"]
[BlackElo "1885"]
[PlyCount "43"]
[EventDate "2008.07.20"]
[EventType "swiss"]
[EventRounds "9"]
[EventCountry "DEN"]
[Source "lmi"]
[SourceDate "2008.07.20"]
[WhiteTeam "Allerød"]
[BlackTeam "Enkeltmedlem"]

1. d4 d5 2. c4 Nc6 3. Nc3 dxc4 4. e3 e5 5. d5 Nce7 6. Bxc4 Nf6 7. Qb3 Ng6 8. d6
Qd7 9. Nb5 Bxd6 10. Nxd6+ Qxd6 11. Bxf7+ Ke7 12. Bd2 Ne4 13. Bb4 c5 14. Rd1 Qc7
15. Qc4 b5 16. Qxe4 Bb7 17. Bxc5+ Kf6 18. Qg4 Rad8 19. Qe6+ Kg5 20. f4+ exf4
21. exf4+ Qxf4 22. Nh3+ 1-0

[Event "Politiken Cup 2008"]
[Site "Helsingør DEN"]
[Date "2008.07.22"]
[Round "6.119"]
[White "Torkilseng, Runar"]
[Black "Brorsen, Jacob Abildlund"]
[Result "1/2-1/2"]
[WhiteElo "1488"]
[BlackElo "1882"]
[PlyCount "89"]
[EventDate "2008.07.20"]
[EventType "swiss"]
[EventRounds "9"]
[EventCountry "DEN"]
[Source "lmi"]
[SourceDate "2008.07.20"]
[WhiteTeam "Direkt medlem"]
[BlackTeam "BMS"]

1. b3 e5 2. Bb2 Nc6 3. c4 f5 4. Nc3 Nf6 5. g3 g6 6. Bg2 Bg7 7. d3 O-O 8. Nf3 d6
9. O-O a5 10. Nd2 g5 11. Nd5 Nb4 12. a3 Nbxd5 13. cxd5 b5 14. b4 a4 15. e4 f4
16. Rc1 Ra7 17. f3 fxg3 18. hxg3 Nh5 19. Qe1 Qf6 20. Qf2 Rb7 21. Qe1 Qg6 22.
Rc2 g4 23. fxg4 Rxf1+ 24. Nxf1 Bxg4 25. Bc1 Nf6 26. Qe3 h6 27. Qe1 Qh5 28. Be3
Kh7 29. Nh2 Bd7 30. Bf3 Qg6 31. Bg2 h5 32. Kh1 Bh6 33. Bxh6 Qxh6 34. Qc1 Qxc1+
35. Rxc1 Ng4 36. Nxg4 Bxg4 37. Bf1 Kg6 38. Kg1 Kf6 39. Kf2 Ke7 40. Be2 Bxe2 41.
Kxe2 Kf6 42. Rf1+ Kg6 43. Rc1 Kf6 44. Rf1+ Kg6 45. Rc1 1/2-1/2